ICB - IPMA : (Record no. 24368)

MARC details
000 -LEADER
fixed length control field 00697nam a22002057a 4500
020 ## - INTERNATIONAL STANDARD BOOK NUMBER
ISBN 0955321301
041 ## - LANGUAGE CODE
Language code of text/sound track or separate title English
082 ## - DEWEY DECIMAL CLASSIFICATION NUMBER
Classification number 658.404
Item number IPM
100 ## - MAIN ENTRY--AUTHOR NAME
Author name IPMA (International project management association)
245 ## - TITLE STATEMENT
Title ICB - IPMA :
Sub Title competence Baseline Version 3.0 /
Statement of responsibility, etc IPMA (International project management association), Gilles-Marie Caupin
250 ## - EDITION STATEMENT
Edition statement 3 rd edition .
260 ## - PUBLICATION, DISTRIBUTION, ETC. (IMPRINT)
Place of publication Netherlands :
Name of publisher IPMA (International project management association) ,
Year of publication 2010 .
300 ## - PHYSICAL DESCRIPTION
Number of Pages xi, 200 pages :
Dimensions 23 cm.
504 ## - BIBLIOGRAPHY, ETC. NOTE
Bibliography, etc Includes index.
650 ## - SUBJECT ADDED ENTRY--TOPICAL TERM
Subject Technical competencies
650 ## - SUBJECT ADDED ENTRY--TOPICAL TERM
Subject Project management
700 ## - ADDED ENTRY--PERSONAL NAME
Author 2/ Editor Caupin, Gilles-Marie
942 ## - ADDED ENTRY ELEMENTS (KOHA)
Source of classification or shelving scheme Dewey Decimal Classification
Koha item type Books
Holdings
Withdrawn status Lost status Source of classification or shelving scheme Damaged status Not for loan Home library Current library Shelving location Date acquired Source of acquisition Full call number Accession Number Price effective from Koha item type
    Dewey Decimal Classification     Institute of Public Enterprise, Library Institute of Public Enterprise, Library S Campus 07/01/2026 Gifted by Prof. S. Sathesh kumar (IPE faculty) 658.404 IPM 51085 07/01/2026 Books

Maintained and Designed by
2cqr automation private limited, Chennai. All Rights Reserved.

You are Visitor Number

PHP Hits Count